Infanzia negata : piccoli schiavi nel pianeta globale

Uloženo v:
Podrobná bibliografie
Hlavní autor: Leone, Luca
Médium: Kniha
Jazyk:angličtina
Vydáno: Roma Prospettiva 2003
Tagy: Přidat tag
Žádné tagy, Buďte první, kdo vytvoří štítek k tomuto záznamu!

MARC

LEADER 00000nam a2200000 4500
005 20231122123108.0
008 231122b |||||||| |||| 00| 0 eng d
020 |a 8880220926 
040 |c C 
100 |a Leone, Luca 
245 |a Infanzia negata  |b : piccoli schiavi nel pianeta globale 
260 |a Roma  |b Prospettiva  |c 2003 
942 |2 ddc  |c BK  |n 0 
952 |0 0  |1 0  |2 ddc  |4 0  |6 362_760000000000000_LEO_INF  |7 1  |9 304  |a GE  |b GE  |d 2015-03-08  |l 0  |o 362.76 LEO INF  |p 1951  |r 2023-11-22 12:31:45  |w 2023-11-22  |y BK 
999 |c 219  |d 219